• 首页
  • 本馆介绍
  • 公告通知
  • 最新文献
  • 馆藏检索
  • 电子资源
  • 读者导购
  • 参考咨询
  • 我的图书馆
  • 登录
  • 详细信息显示
  • 放入我的书架
  • 预约/预借图书
  • 作者相关作品
  • 分类相关作品
  • 丛书相关作品
  • 出版社相关作品

书目信息

  • 表格格式
  • 工作单格式
  • 卡片格式
题名:
读心术
    
 
作者: 徐耀武 著
分册:  
出版信息: 北京   机械工业出版社  2010
页数: 197页
开本: 25cm
丛书名: 人人都用心理学系列
单 册:
中图分类: C912.1
科图分类:
主题词: 人间交往--社会心理学--通俗读物 , 人间交往 , 社会心理学
电子资源:
ISBN: 978-7-111-30047-2
000 00999oam2 2200289 45
001 1133557641
005 20110411170816.87
010    @a978-7-111-30047-2@dCNY29.80
100    @a20110406d2010 em y0chiy0110 ea
101 0  @achi
102    @aCN@b110000
105    @aa z 000yy
106    @ar
200 1  @a读心术@ADou Xin Shu@dMind reading@f徐耀武著@FXu Yao Wu Zhu@zeng
210    @a北京@c机械工业出版社@d2010
215    @a197页@c图@d25cm
225 2  @a人人都用心理学系列
330    @a本书包含社交中的6大心理活动主题,分别为:真实与谎言、排斥与接受、妥协与抗争、喜爱与厌恶、沉静与动摇、强势与软弱,集合了大量行为心理学、肢体语言心理学的研究成果,包括体态语的解读方式以及相应的应对策略。
461  0 @12001 @a人人都用心理学系列
510 1  @aMind reading@zeng
606 0  @a人间交往@x社会心理学@j通俗读物
606 0  @a人间交往
606 0  @a社会心理学
690    @aC912.1@v4
701  0 @a徐耀武@AXu Yao Wu@4著
801  0 @aCN@bTANGWEI@c20110411
905    @b0534580-84@dC912.1@e720@f5
    
    读心术=Mind reading/徐耀武著.-北京:机械工业出版社,2010
    197页:图;25cm.-(人人都用心理学系列)
    
    
    ISBN 978-7-111-30047-2:CNY29.80
    本书包含社交中的6大心理活动主题,分别为:真实与谎言、排斥与接受、妥协与抗争、喜爱与厌恶、沉静与动摇、强势与软弱,集合了大量行为心理学、肢体语言心理学的研究成果,包括体态语的解读方式以及相应的应对策略。
●
相关链接 在E读中查询图书 在五车中查询图书 在当当中查询图书 在豆瓣中查询图书


正题名:读心术     索取号:C912.1/720         预约/预借

序号 登录号 条形码 馆藏地/架位号 状态 备注
1 0534580   205345802   第一样本阅览室/ [索取号:C912.1/720] 在馆    
2 0534581   205345811   第一借阅区/ [索取号:C912.1/720] 在馆    
3 0534582   205345820   第一借阅区/ [索取号:C912.1/720] 在馆    
4 0534583   205345839   第一借阅区/ [索取号:C912.1/720] 在馆    
5 0534584   205345848   第一借阅区/ [索取号:C912.1/720] 在馆    
唐山师范学院图书馆 欢迎您!
大连网信软件有限公司© 版权所有